000 00498nam a2200169Ia 4500
999 _c28767
_d28767
003 OSt
005 20201207150528.0
008 190216s9999||||xx |||||||||||||| ||und||
040 _coclc
082 _a894.8124
_bNAI/N
100 _aNair, Mattakkara Sukumaran
_96986
245 0 _aNaam Engottu /
_cMattakkara Sukumaran Nair
260 _bLipi Publication,
_aKozhikode:
_c2004.
300 _a47p
650 _aLekhanam
942 _cBK
_2ddc
_h894.8124
_iNAI/N
_k894.8124
_mNAI/N